Pares craneales - Estadísticas

Estadísticas generales
  • Esta prueba ha sido intentada 147 veces
  • La puntuación promedio es 9 de 12
Estadísticas de respuestas
Número Par % Correcto
III Oculomotor
87%
V Trigémino
87%
VI Abductor
80%
VII Facial
80%
II Óptico
80%
X Vago
80%
I Olfatorio
78%
IV Troclear
76%
XII Hipogloso
69%
XI Accesorio
67%
IX Glosofaríngeo
64%
VIII Vestibulococlear
64%
No se encontraron pruebas coincidentes
Distribución de puntuación
Porcentaje de gente con cada puntuación
Porcentaje por número respondido
Historial de tus puntuaciones
No has intentado esta prueba.